000 00633nam a2200241 a 4500
001 0001-1709
003 ELIB.Books
008 180705 2010 eng
020 _a10: 1259180700
092 _a302.23
_bSor
100 _aSorelle, James M.
245 _aTaking sides
_bclashing views in united states history.
250 _aSixteenth edition
260 _aAmerican
_bMcGraw-Hill
_c2014
300 _a321
_c27.5cm
500 _aAC
650 _aUnited ststes history
856 _nKBTS Library
_uKBTS Elib
942 _2ddc
_cBK
990 _a1
998 _aEnglishbooks.elf
_ccat
_e2018-07-05
999 _c11709
_d11709